| 000 | 00378nam a2200157Ia 4500 | ||
|---|---|---|---|
| 003 | Ost | ||
| 005 | 20260225132538.0 | ||
| 008 | 260225s9999||||xx |||||||||||||| ||und|| | ||
| 040 | _cfsic | ||
| 041 | _afre | ||
| 082 | _a658.45 | ||
| 100 |
_aDaniel faureau _eAuteur |
||
| 245 | 0 | _aLa communication dans l'entreprise,c'est simple / | |
| 245 | 0 | _cDaniel faureau | |
| 942 | _cكتاب | ||
| 999 |
_c33312 _d33312 |
||